000 00952nmm a2200301 a 4500
003 AR-BaBNM
005 20251128210351.0
008 290020s1994 ||||||||||||||000 | spa||
020 _a85-326-1175-3
040 _cAR-BaBNM
245 1 0 _aNovas tecnologias, trabalho e educaçao
_bum debate multidisciplinar
260 _aPetrópolis
_bVozes
_c1994
300 _a222 p.
_btablas
500 _aContiene referencias bibliográficas al final de cada capítulo
650 4 _aEDUCACION Y EMPLEO
650 4 _aENFOQUE INTERDISCIPLINARIO
650 4 _aDESARROLLO CIENTIFICO
650 4 _aRECURSOS HUMANOS
650 4 _aFORMACION PROFESIONAL
650 4 _aEDUCACION PARA EL TRABAJO
653 _aFORMACION LABORAL
700 1 _aFerretti, Celso Joâo
_ecompilador
700 1 _aZibas, Dagmar M.L.
_ecompilador
700 1 _aMadeira, Felicia R.
_ecompilador
700 1 _aFranco, Maria Laura P.B.
_ecompilador
942 _cBK
998 _cRaquel
999 _c15169
_d15169